000 00405nam a2200157 i 4500
001 bg
100 1 _aKIERCZYŃSKI, T.
245 0 _aFinanse przedsiębiorstw socjalistycznych /
_cT. Kierczyński, U. Wojciechowska.
250 _aWyd.4 zmien.
260 _aWarszawa,
_c1986.
700 1 _aWOJCIECHOWSKA, U.
040 _cBPK
041 _apol
942 _cKS
008 s pl f |000 0 pol
999 _c3381
_d3381
856 _uhttp://koha.tu.koszalin.pl/cgi-bin/koha/opac-detail.pl?biblionumber=3381
_yKatalog online BPK